| 000 | 00339nam a22001457a 4500 | ||
|---|---|---|---|
| 003 | OSt | ||
| 020 | _a013907634 | ||
| 040 | _c0 | ||
| 082 |
_222 _a005.72 |
||
| 100 | _aSeely, Scott. | ||
| 245 |
_aSoap : _bcross platform web service development using XML / |
||
| 260 |
_aNA _bNA _cc2002. |
||
| 300 |
_axiv, 391 p. ; _bill. ; |
||
| 942 |
_2ddc _cIT |
||
| 999 |
_c4599 _d4599 |
||